Oeuvres de Lamartine de l'Académie Française. (Record no. 156943)

MARC details
000 -LEADER
campo de control de longitud fija 00746nam a2200169 i 4500
001 - NÚMERO DE CONTROL
campo de control 156943
003 - IDENTIFICADOR DE NÚMERO DE CONTROL
campo de control ES-MaACL
005 - FECHA Y HORA DE LA ÚLTIMA TRANSACCIÓN
campo de control 20240522063056.0
008 - DATOS DE LONGITUD FIJA--INFORMACIÓN GENERAL
campo de control de longitud fija 991122m18381847be af |||| | fre d
040 ## - FUENTE DE CATALOGACIÓN
Centro catalogador/agencia de origen CCPB | B
Lengua de catalogación spa
Centro/agencia transcriptor CCPB | B
100 1# - ENTRADA PRINCIPAL--NOMBRE DE PERSONA
Nombre de persona Lamartine, Alphonse de,
Fechas asociadas al nombre 1790-1869
9 (RLIN) 69776
245 10 - MENCIÓN DEL TÍTULO
Título Oeuvres de Lamartine de l'Académie Française.
260 ## - PUBLICACIÓN, DISTRIBUCIÓN, ETC.
Lugar de publicación, distribución, etc. Bruxelles :
Nombre del editor, distribuidor, etc. Meline, Cans et compagnie,
Fecha de publicación, distribución, etc. 1838-1847.
300 ## - DESCRIPCIÓN FÍSICA
Extensión 2 v. ;
Dimensiones 27 cm.
852 ## - LOCALIZACIÓN
Ubicación ES-MaACL
Número de control de estantería F-10172(1)
Nota libre -- Enc. hol.
condición física -- Sólo T. II
Encuadernación -- Edic.: Añadir en T260 Bruxelles [etc.] -- T. II. (936, 111 p.) -- T505 Contiene : Histoire des Girondins ; Recueillements poétiques, Discours et articles sur la question d'Orient
Holdings
Estatus retirado Estado de pérdida Estado de daño No para préstamo Colección Biblioteca de origen Biblioteca actual Ubicación en estantería Fecha de adquisición Fuente de adquisición Total de préstamos Signatura topográfica completa Código de barras Visto por última vez Precio de reemplazo Tipo de ítem Koha
        Libros del s. XIX Biblioteca del Ateneo de Madrid Biblioteca del Ateneo de Madrid Sala Pecera Planta 2 17/01/2008     F-10172(1) 1164206 23/02/2023 23/02/2023 Libro impreso antiguo